Kepimpinan dalam dimensi sosial (Record no. 111244)

MARC details
000 -LEADER
fixed length control field 00625nam a2200229 i 4500
001 - CONTROL NUMBER
control field C2-0308649
003 - CONTROL NUMBER IDENTIFIER
control field PPAK
005 - DATE AND TIME OF LATEST TRANSACTION
control field 20180728095527.0
008 - FIXED-LENGTH DATA ELEMENTS--GENERAL INFORMATION
fixed length control field 110509s1984 io |||| ||||| | may d
040 ## - CATALOGING SOURCE
Original cataloging agency PPAK
Language of cataloging eng
Transcribing agency PPAK
Description conventions rda
082 04 - DEWEY DECIMAL CLASSIFICATION NUMBER
Classification number 301.1553
Edition number 23
090 00 - LOCALLY ASSIGNED LC-TYPE CALL NUMBER (OCLC); LOCAL CALL NUMBER (RLIN)
Classification number (OCLC) (R) ; Classification number, CALL (RLIN) (NR) 301.1553
Feature heading KEP
Feature heading KMI
245 00 - TITLE STATEMENT
Title Kepimpinan dalam dimensi sosial
264 #1 - PRODUCTION, PUBLICATION, DISTRIBUTION, MANUFACTURE, AND COPYRIGHT NOTICE
Place of production, publication, distribution, manufacture Jakarta, Indonesia :
Name of producer, publisher, distributor, manufacturer LP3ES ,
Date of production, publication, distribution, manufacture, or copyright notice 1984
300 ## - PHYSICAL DESCRIPTION
Extent 218 pages ;
Dimensions 22 cm
336 ## - CONTENT TYPE
Source rdacontent
Content type term text
337 ## - MEDIA TYPE
Source rdamedia
Media type term unmediated
338 ## - CARRIER TYPE
Source rdacarrier
Carrier type term volume
650 10 - SUBJECT ADDED ENTRY--TOPICAL TERM
Topical term or geographic name entry element Social movements
700 1# - ADDED ENTRY--PERSONAL NAME
Personal name Kartodirdjo, Sartono,
Relator term editor
942 ## - ADDED ENTRY ELEMENTS (KOHA)
-- dc
Koha item type Book
Holdings
Withdrawn Not for loan Current library Shelving location Date acquired Full call number Barcode Date last seen Koha item type
  Not For Loan Perpustakaan Alor Setar Koleksi Prof. Dr. Muhammad Isa Othman 23/05/2011 KMI 301.1553 KEP A00383031 09/05/2018 Book